000 00711nam a2200265Ia 4500
003 OSt
005 20221006151230.0
006 a|||||r|||| 00| 0
007 ta
008 221006b |||||||| |||| 00| 0 jpn d
020 _c¥1500
024 _a21,380
037 _bGift, Japan Foundation
_cTextual
040 _aEASL
_cEASL
_bjpn
041 _2jpn
_ajpn
082 _aY7.42.N9, N6
100 _aKAWAMURA Minato
_9656018
245 0 _aDaitoa minzokugaku no kyojitsu
260 _aTokyo
_bKodansha Japan
_c1996
300 _a250p.
_ccm.
490 _v JL
650 _aJL
942 _hY7.42.N9, N6
_cTEXL
_2CC
999 _c1089466
_d1089466